Dystopian Novels by Main Character - Statistics

General Stats
  • This quiz has been taken 48 times
  • The average score is 5 of 14
Answer Stats
Main Character Novel % Correct
Katniss Everdeen The Hunger Games
93%
Winston Smith 1984
73%
Guy Montag Fahrenheit 451
59%
Beatrice (Tris) Prior Divergent
55%
Offred The Handmaid’s Tale
48%
Thomas The Maze Runner
45%
Bernard Marx Brave New World
39%
Jonas The Giver
30%
June Iparis Legend
16%
Tally Youngblood Uglies
16%
Cassia Reyes Matched
9%
Theo Faron The Children of Men
9%
Snowman Oryx and Crake
5%
Melanie The Girl with All the Gifts
5%
No matching quizzes found
Score Distribution
Percent of People with Each Score
Percentile by Number Answered
Your Score History
You have not taken this quiz